Environmentální aspekty ochrany vod a půd : studijní opora /

Hlavní autor: Pavlíková, Irena
Korporativní autor: Vysoká škola báňská - Technická univerzita Ostrava. Fakulta metalurgie a materiálového inženýrství
Jazyk: Čeština
Vydáno: Ostrava : VŠB - Technická univerzita Ostrava, 2014
Vydání: Vyd. 1.
Témata:
Fyzický popis: 114 s. : il. (některé barev.), mapy ; 29 cm
Knihy
Uloženo v:
LEADER 01857nam a2200457 a 4500
001 nkc20142636194
003 CZ PrNK
005 20150224125202.0
007 ta
008 150205s2014 xr ab e p 000 0 cze
015 |a cnb002636194 
020 |a 978-80-248-3576-1  |q (brož.) 
035 |a (OCoLC)904579038 
040 |a ABA001  |b cze 
072 7 |a 502  |x Životní prostředí a jeho ochrana  |2 Konspekt  |9 2 
072 7 |a 37.016  |x Učební osnovy. Vyučovací předměty. Učebnice  |2 Konspekt  |9 22 
080 |a 502.171:502.51  |2 MRF 
080 |a 502.171:502.521  |2 MRF 
080 |a (075.8)  |2 MRF 
100 1 |a Pavlíková, Irena  |7 xx0045583  |4 aut 
245 1 0 |a Environmentální aspekty ochrany vod a půd :  |b studijní opora /  |c Irena Pavlíková 
250 |a Vyd. 1. 
260 |a Ostrava :  |b VŠB - Technická univerzita Ostrava,  |c 2014 
300 |a 114 s. :  |b il. (některé barev.), mapy ;  |c 29 cm 
500 |a Nad názvem: Vysoká škola báňská - Technická univerzita Ostrava, Fakulta metalurgie a materiálového inženýrství 
500 |a 7 výt. 
504 |a Obsahuje bibliografii 
521 8 |a Pro studijní program Procesní inženýrství 
650 0 7 |a ochrana vod  |7 ph123666  |2 czenas 
650 0 7 |a ochrana půdy  |7 ph135506  |2 czenas 
650 0 9 |a water conservation  |2 eczenas 
650 0 9 |a soil protection  |2 eczenas 
655 7 |a učebnice vysokých škol  |7 fd133772  |2 czenas 
655 9 |a textbooks (higher)  |2 eczenas 
710 2 |a Vysoká škola báňská - Technická univerzita Ostrava.  |b Fakulta metalurgie a materiálového inženýrství  |7 kn20010709390 
910 2 |a BOA001  |b 4-1340.082 
928 9 |a Vysoká škola báňská - Technická univerzita Ostrava 
990 |a BK 
995 |a 01 
991 |b 201502  |c NOV  |e n 
996 6 |b 2610619803  |c 4-1340.082  |l MZK  |r Sklad / do 1 hodiny  |n 1  |p p.v.  |w 001486283  |u 000010  |a 1  |e BOA001  |j MZK50  |s P